| 000 | 01413cam a2200325 a 4500 | ||
|---|---|---|---|
| 001 | 2144 | ||
| 003 | FISKH | ||
| 005 | 20231107140256.0 | ||
| 008 | 090220s2010 mnua j 000 1 eng | ||
| 010 | _a 2009006303 | ||
| 020 | _a9781434215635 (lib. bdg.) | ||
| 020 | _a9781434217301 (pbk.) | ||
| 040 |
_aDLC _cDLC _dDLC _beng |
||
| 042 | _alcac | ||
| 050 | 0 | 0 |
_aPZ7.D15134 _bMan 2010 |
| 082 | 0 | 0 |
_a813.54 _222 |
| 100 | 1 | _aDahl, Michael. | |
| 245 | 1 | 4 |
_aThe man behind the mask / _cwritten by Michael Dahl ; illustrated by Dan Schoening. |
| 260 |
_aMinneapolis : _bStone Arch, _c2010. |
||
| 300 |
_a48 pages : _bcolor illustrations ; _c20 cm |
||
| 490 | 0 | _aDC super heroes. Batman | |
| 505 | _aO | ||
| 520 | _aMany years after the death of his parents, Bruce Wayne comes face to face with their killer, Joe Chill. While chasing down the cold-blooded crook, Bruce recalls the story of his own past and how he became the world's greatest crime fighter . . . Batman. Just in time for Batman's 80th Anniversary, this action-packed chapter book also features a brand new Batman's Friends and Foes Roster and historical archives from the Caped Crusader's many years of fighting crime. | ||
| 521 | 1 |
_a620
_bLexile |
|
| 521 | 0 |
_aO
_bRaz-Plus |
|
| 650 | 1 |
_aSuperheroes _vFiction. |
|
| 700 | 1 |
_aSchoening, Dan, _eillustrator |
|
| 906 |
_a7 _bcbc _corignew _d1 _eecip _f20 _gy-gencatlg |
||
| 942 |
_2ddc _cBK _n0 |
||
| 999 |
_c2144 _d2144 |
||